Biblioteca y Centro de Documentación

Experiencias docentes en el ámbito educativo (Registro nro. 10416)

Detalles MARC
000 -CABECERA
Longitud fija campo de control 01340nam a2200313 c 4500
001 - NÚMERO DE CONTROL
Número de control 10416
003 - IDENTIFICADOR DE NÚMERO DE CONTROL
Identificador del número de control ES-MaCES
005 - FECHA Y HORA DE LA ÚLTIMA TRANSACCIÓN
Fecha y hora de la última transacción 20141221122051.0
008 - CAMPO FIJO DE DESCRIPCIÓN FIJA--INFORMACIÓN GENERAL
Códigos de información de longitud fija   000403s2000 sp d t 100 | spa d
017 ## - NÚMERO DE REGISTRO DE DERECHOS DE AUTOR Y DEPÓSITO LEGAL
Número de copyright o de depósito legal M 4390-2000
Agencia que asigna el número DL
035 ## - NÚMERO DE CONTROL DEL SISTEMA
Número de control del sistema CES20000004419m
040 ## - FUENTE DE CATALOGACIÓN
Centro catalogador de origen ES-MaCES
Lengua de catalogación spa
Centro transcriptor ES-MaCES
111 2# - ENCABEZAMIENTO PRINCIPAL--NOMBRE DE REUNIÓN
Nombre de congreso o jurisdicción como elemento de entrada Premios Francisco Giner de los Ríos a la Mejora de la Calidad Educativa
Número del congreso o número de parte o sección de la obra 15
Fecha del congreso 1997
9 (RLIN) 579
245 10 - MENCIÓN DE TÍTULO
Título Experiencias docentes en el ámbito educativo
Mención de responsabilidad, etc. XV y XVI Premios Francisco Giner de los Ríos a la Mejora de la Calidad Educativa ; Fundación Argentaria, en colaboración con el Ministerio de Educación y Cultura ; edición al cuidado de Isabel Dávila Cascón
260 ## - PUBLICACIÓN, DISTRIBUCIÓN, ETC (PIE DE IMPRENTA)
Lugar de publicación, distribución, etc. Madrid
Nombre del editor, distribuidor, etc. Fundación Argentaria
Fecha de publicación, distribución, etc. [2000]
300 ## - DESCRIPCIÓN FÍSICA
Extensión 379 p.
Otras características físicas gráf. bl. y n.
Dimensiones 30 cm
541 ## - NOTA DE LA FUENTE INMEDIANTE DE ADQUISICIÓN
Forma de adquisición Gratuito
650 #4 - ASIENTO SECUNDARIO DE MATERIA--TÉRMINO DE MATERIA
Término de materia o nombre geográfico como elemento inicial personal docente
9 (RLIN) 29286
650 #4 - ASIENTO SECUNDARIO DE MATERIA--TÉRMINO DE MATERIA
Término de materia o nombre geográfico como elemento inicial innovación educativa
9 (RLIN) 30296
650 #4 - ASIENTO SECUNDARIO DE MATERIA--TÉRMINO DE MATERIA
Término de materia o nombre geográfico como elemento inicial investigación pedagógica
9 (RLIN) 27400
653 10 - TÉRMINO DE INDEXACIÓN--NO CONTROLADO
Término no controlado Educación
700 1# - ENCABEZAMIENTO SECUNDARIO--NOMBRE PERSONAL
Nombre de persona Dávila Cascón, Isabel
Término indicativo de función ed. lit.
9 (RLIN) 10410
710 2# - ENCABEZAMIENTO SECUNDARIO--NOMBRE CORPORATIVO
Nombre de entidad o nombre de jurisdicción como elemento inicial España
Unidad subordinada Ministerio de Educación y Cultura
Término indicativo de función col.
9 (RLIN) 3242
710 2# - ENCABEZAMIENTO SECUNDARIO--NOMBRE CORPORATIVO
Nombre de entidad o nombre de jurisdicción como elemento inicial Fundación Argentaria
9 (RLIN) 3751
711 2# - ENCABEZAMIENTO SECUNDARIO--NOMBRE DE REUNIÓN
Nombre de congreso o nombre de jurisdicción como elemento inicial Premios Francisco Giner de los Ríos a la Mejora de la Calidad Educativa
Número del congreso o número de parte o sección de la obra 16
Fecha del congreso 1998
9 (RLIN) 580
902 ## - CES. TIPO DE DOCUMENTO
Tipodoc (006$c Sirtex) LIB Libro
942 ## - ELEMENTOS KOHA
Fuente de clasificaión o esquema Clasificación propia del CES
Koha [por defecto] tipo de item Monografías
Parte de clasificación 4.0.
Existencias
Número de registro Signatura completa Tipo de item de Koha
035567 DPT-8641 Monografías
© CES, Consejo Económico y Social de España 2021